00758cam9a220015700 4500001001200000008004100012035002000053040000900073100002900082245004600111260006000157520020000217650003100417650014500448004000700593zam00009482970717n xx eng u a(Sirsi) r139482 dUPRA aPusupamma, P.6A104864.110aSorghum as food in the semi arid tropics. aNew Delhi :bInternational Dev. Research Centre,c1993. aThis study explores the need to increase the use of sorghum by looking at imrpoved varieties, marketing, storage, current processing and utilization methods and nutrition status of sorghum foods. 4aFood production.6S75323.2 4aIndia -- Human nutrition -- Food industry.xIndia -- Human nutrition -- Food industry.xIndia -- Human nutrition -- Food industry.6S75806.1139482